| 000 | 00974nam0a22002771 4500 | ||
|---|---|---|---|
| 001 | rc\4394876 | ||
| 005 | 20250612071614.0 | ||
| 021 |
_aRU _b[63-83822] |
||
| 035 | _a(NLR Aleph) 008555553 | ||
| 090 |
_a8433387 _c8433387 |
||
| 100 | _a20130416d1963 |||y0rusy50 ca | ||
| 101 | 0 | _arus | |
| 102 | _aRU | ||
| 105 | _aa z ||||| | ||
| 200 | 1 | _aМонтаж электрооборудования крупных доменных печей | |
| 210 |
_aМосква _cГосстройиздат _d1963 |
||
| 215 |
_a107 с. _cил. _d21 |
||
| 606 |
_aДоменные печи _xЭлектрооборудование _xМонтаж _2psbo |
||
| 700 | 1 |
_4070 _7ca _8rus _aДелибаш _bБ. А. _f1908-1978 _gБорис Апостолович _92642907 _3RU\NLR\AUTH\770273075 |
|
| 701 | 1 |
_aЖивов _bМ.С. _gМихаил Семенович |
|
| 801 | 0 |
_aRU _bNLR _gpsbo |
|
| 801 | 1 |
_aRU _bELAR _2rusmarc |
|
| 852 |
_aNLR _j63-5/5512 |
||
| 942 | _cBOOK | ||
| 980 | _aNB | ||